000 00473nam a2200181Ia 4500
001 2897
005 20260306144841.0
008 260306t2011||||xx |||||||||||||| ||spa||
041 _aESP
082 _a231.901
_bR27 P. 2
100 _aRatzinger, Joseph
_eAUT
245 0 _aJesús de Nazareth:
_bdesde la entrada en Jerusalén hasta la resurrección
260 _c2011
300 _a396 páginas :
_c23 cm.
650 _aGEN
654 _aCHU
942 _cLIB
_dJUS
_fJUS
_2ddc
_n
999 _c2897
_d2897